| 000 -LEADER |
| fixed length control field |
00867cam a2200301 i 4500 |
| 001 - CONTROL NUMBER |
| control field |
005471547 |
| 003 - CONTROL NUMBER IDENTIFIER |
| control field |
VRT |
| 005 - DATE AND TIME OF LATEST TRANSACTION |
| control field |
20190726145325.0 |
| 008 - FIXED-LENGTH DATA ELEMENTS--GENERAL INFORMATION |
| fixed length control field |
150525s2012 ch r 000 1 chi d |
| 020 ## - INTERNATIONAL STANDARD BOOK NUMBER |
| International Standard Book Number |
9789573269328 |
| Qualifying information |
(平裝) : |
| 040 ## - CATALOGING SOURCE |
| Original cataloging agency |
NCNU |
| Language of cataloging |
chi |
| Transcribing agency |
NCNU |
| Modifying agency |
NCNU |
| Description conventions |
CCR |
| 041 1# - LANGUAGE CODE |
| Language code of text/sound track or separate title |
chi |
| Language code of original |
eng |
| 042 ## - AUTHENTICATION CODE |
| Authentication code |
nbic |
| 082 ## - DEWEY DECIMAL CLASSIFICATION NUMBER |
| Classification number |
FIC RIO |
| 090 ## - LOCALLY ASSIGNED LC-TYPE CALL NUMBER (OCLC); LOCAL CALL NUMBER (RLIN) |
| Classification number (OCLC) (R) ; Classification number, CALL (RLIN) (NR) |
874.57 |
| Local cutter number (OCLC) ; Book number/undivided call number, CALL (RLIN) |
8833-3 |
| 100 1# - MAIN ENTRY--PERSONAL NAME |
| Personal name |
Riordan, Rick |
| Relator term |
著 |
| 245 10 - TITLE STATEMENT |
| Title |
埃及守護神. |
| Number of part/section of a work |
2, |
| Name of part/section of a work |
火焰的王座 / |
| Statement of responsibility, etc. |
雷克.萊爾頓(Rick Riordan)著 ; 沈曉鈺譯 |
| 246 30 - VARYING FORM OF TITLE |
| Title proper/short title |
火焰的王座 |
| 250 ## - EDITION STATEMENT |
| Edition statement |
初版 |
| 260 ## - PUBLICATION, DISTRIBUTION, ETC. |
| Place of publication, distribution, etc. |
臺北市 : |
| Name of publisher, distributor, etc. |
遠流 , |
| Date of publication, distribution, etc. |
2012. |
| 300 ## - PHYSICAL DESCRIPTION |
| Extent |
479面 ; |
| Dimensions |
21公分 |
| 490 1# - SERIES STATEMENT |
| Series statement |
綠蠹魚 |
| 500 ## - GENERAL NOTE |
| General note |
譯自 : The kane chronicles : the throne of fire. |
| 700 1# - ADDED ENTRY--PERSONAL NAME |
| Personal name |
沈曉鈺 |
| Relator term |
譯 |
| 740 4# - ADDED ENTRY--UNCONTROLLED RELATED/ANALYTICAL TITLE |
| Uncontrolled related/analytical title |
Kane chronicles : the throne of fire. |
| 830 #0 - SERIES ADDED ENTRY--UNIFORM TITLE |
| Uniform title |
綠蠹魚 |
| 942 ## - ADDED ENTRY ELEMENTS (KOHA) |
| Source of classification or shelving scheme |
|
| Koha item type |
Books - Fiction |